Dôchodkový systém v Rakúsku
Dôchodkový systém v Rakúsku sa odlišuje od slovenského systému dôchodkového zabezpečenia vo viacerých ohľadoch. Hoci i v rakúskom dôchodkovom systéme existujú tri piliere na optimálne ekonomické zabezpečenie obyvateľov v poproduktívnom veku, druhý a tretí pilier dôchodkového zabezpečenia funguje výl...
Salvato in:
| Autore principale: | |
|---|---|
| Altri autori: | |
| Natura: | Capitolo di libro |
| Lingua: | slovacco |
| Soggetti: | |
| Tags: |
Nessun Tag, puoi essere il primo ad aggiungerne!!
|
MARC
| LEADER | 00000naa a2200000 4500 | ||
|---|---|---|---|
| 001 | 0166261 | ||
| 005 | 20240502072910.4 | ||
| 041 | 0 | |a slo | |
| 044 | |a SK | ||
| 245 | 1 | 0 | |a Dôchodkový systém v Rakúsku |c Eva Kafková, Ľuboslava Dobócziová |
| 520 | |a Dôchodkový systém v Rakúsku sa odlišuje od slovenského systému dôchodkového zabezpečenia vo viacerých ohľadoch. Hoci i v rakúskom dôchodkovom systéme existujú tri piliere na optimálne ekonomické zabezpečenie obyvateľov v poproduktívnom veku, druhý a tretí pilier dôchodkového zabezpečenia funguje výlučne na dobrovoľnej báze. Druhý pilier rakúskeho dôchodkového systému reprezentuje investičný model zamestnaneckých fondov a tretí pilier predstavuje komerčný systém penzijného pripoistenia prostredníctvom dostupných produktov poistného trhu. | ||
| 610 | 2 | 0 | |a systémy daňové |
| 610 | 2 | 0 | |a Rakúsko |
| 610 | 2 | 0 | |a systémy dôchodkové |
| 610 | 2 | 0 | |a zabezpečenie dôchodkové |
| 100 | 1 | |a Kafková, Eva | |
| 700 | 1 | |a Dobócziová, Ľuboslava, 1988- | |